[Event "4NCL/Div2/SWD1 vs. GUI3"]
[Site "Sunningdale ENG"]
[Date "2008.05.03"]
[Round "9.1"]
[White "Cobb, James E"]
[Black "Muir, Andrew J"]
[Result "1-0"]
[WhiteElo "2425"]
[BlackElo "2360"]
[PlyCount "71"]
[EventDate "2008.05.03"]
[EventCountry "ENG"]
[SourceDate "2007.09.15"]

1. d4 d5 2. Nf3 Nf6 3. g3 e6 4. Bg2 Be7 5. O-O O-O 6. c4 dxc4 7. Qc2 a6 8. a4
Bd7 9. Qxc4 Bc6 10. Bf4 a5 11. Nc3 Na6 12. Rfd1 Rc8 13. Ne5 Bxg2 14. Kxg2 c6
15. e4 Nb4 16. Rd2 h6 17. Rad1 Qb6 18. Ng6 Rfe8 19. Nxe7+ Rxe7 20. Bd6 Rd7 21.
Bc5 Qd8 22. Bxb4 axb4 23. Qxb4 c5 24. Qb5 cxd4 25. e5 dxc3 26. Rxd7 Nxd7 27.
Rxd7 Qg5 28. bxc3 Rxc3 29. Rxb7 Qf5 30. Qe2 Rc2 31. Qf3 Qxe5 32. Qxf7+ Kh7 33.
Rb4 Qc5 34. Rg4 Qe5 35. Qg6+ Kh8 36. Qxc2 1-0

[Event "4NCL/Div2/SWD1 vs. GUI3"]
[Site "Sunningdale ENG"]
[Date "2008.05.03"]
[Round "9.2"]
[White "Povah, Nigel E"]
[Black "Cooper, John G"]
[Result "0-1"]
[WhiteElo "2329"]
[BlackElo "2352"]
[PlyCount "76"]
[EventDate "2008.05.03"]
[EventCountry "ENG"]
[SourceDate "2007.09.15"]

1. d4 d5 2. Bg5 h6 3. Bh4 c5 4. dxc5 g5 5. Bg3 Bg7 6. c3 Nf6 7. Nd2 Nbd7 8. e3
Nxc5 9. Ngf3 O-O 10. Qc2 Nfe4 11. Nxe4 dxe4 12. Ne5 Bf5 13. Rd1 Qa5 14. b4 Qa4
15. Qb2 Rfd8 16. Rd2 Nd7 17. Nc4 Rac8 18. Rc2 Be6 19. Na3 Qc6 20. Nb1 Nb6 21.
Qa3 Bg4 22. Be2 Bxe2 23. Kxe2 Qc4+ 24. Ke1 Qd3 25. Qc1 Nc4 26. Re2 Na3 27. Nxa3
Bxc3+ 28. Kf1 Qd1+ 29. Re1 Bxe1 30. Qxd1 Rxd1 31. Ke2 Rd2+ 32. Kxe1 Rxa2 33.
Kd1 Rxa3 34. Be5 Rb3 35. Kd2 f6 36. Bd4 e5 37. Bxa7 Rb2+ 38. Kd1 Rb1+ 0-1

[Event "4NCL/Div2/SWD1 vs. GUI3"]
[Site "Sunningdale ENG"]
[Date "2008.05.03"]
[Round "9.3"]
[White "Kett, Timothy"]
[Black "Sharpe, Ian"]
[Result "1-0"]
[WhiteElo "2239"]
[BlackElo "2290"]
[Annotator "Armstrong,Malcolm"]
[PlyCount "79"]
[EventDate "2008.05.03"]
[EventCountry "ENG"]
[SourceDate "2007.09.15"]

1. e4 e6 2. d4 d5 3. Nc3 Bb4 4. e5 c5 5. a3 Bxc3+ 6. bxc3 Qa5 7. Bd2 Qa4 8. Rb1
c4 9. Nf3 Nc6 10. Qc1 b6 11. h4 f6 12. h5 fxe5 13. dxe5 Bd7 14. Rh3 h6 15. Rg3
Rh7 16. Nd4 O-O-O 17. Be2 Nxe5 18. Rb4 Qa6 19. Re3 Nc6 20. Nxc6 Bxc6 21. Rxe6
Bd7 22. Re5 Nf6 23. Bf3 Bc6 24. Bf4 Rhh8 25. Kf1 Rhe8 26. Kg1 Qb7 27. Qe3 Qd7
28. Qd4 Re6 29. Rxe6 Qxe6 30. a4 Qe7 31. a5 Nd7 32. Bg4 Kb7 33. Bxd7 Qxd7 34.
axb6 a5 35. Rb1 a4 36. Re1 Re8 37. Rxe8 Qxe8 38. Qxg7+ Kxb6 39. Be3+ Kb5 40.
Qc7 {time} 1-0

[Event "4NCL/Div2/SWD1 vs. GUI3"]
[Site "Sunningdale ENG"]
[Date "2008.05.03"]
[Round "9.4"]
[White "Tymrakiewicz, Rafal"]
[Black "Rayner, Francis"]
[Result "1-0"]
[WhiteElo "2269"]
[BlackElo "2209"]
[PlyCount "65"]
[EventDate "2008.05.03"]
[EventCountry "ENG"]
[SourceDate "2007.09.15"]

1. d4 Nf6 2. Nf3 g6 3. Bf4 Bg7 4. e3 d6 5. h3 O-O 6. Nbd2 Nc6 7. Bc4 Qe8 8. Qe2
h6 9. Bh2 e5 10. dxe5 dxe5 11. Bb5 Nd7 12. e4 Nd8 13. a4 a6 14. Bc4 Ne6 15.
Bxe6 Qxe6 16. Qc4 Qxc4 17. Nxc4 Re8 18. O-O Bf6 19. a5 Bg7 20. Ne3 c6 21. Nc4
f6 22. Nfd2 g5 23. Rfd1 Bf8 24. Kf1 Nc5 25. Nb6 Rb8 26. f3 Ne6 27. Ndc4 Nd4 28.
Rxd4 exd4 29. Bxb8 Bxh3 30. gxh3 Rxb8 31. Nd7 Rd8 32. Nxf6+ Kf7 33. Ng4 1-0

[Event "4NCL/Div2/SWD1 vs. GUI3"]
[Site "Sunningdale ENG"]
[Date "2008.05.03"]
[Round "9.6"]
[White "Thompson, Ian D"]
[Black "Morris, Charles F"]
[Result "1-0"]
[WhiteElo "2264"]
[BlackElo "2189"]
[PlyCount "107"]
[EventDate "2008.05.03"]
[EventCountry "ENG"]
[SourceDate "2007.09.15"]

1. c4 e6 2. Nc3 d5 3. d4 c5 4. Nf3 Nc6 5. e3 Nf6 6. h3 a6 7. cxd5 exd5 8. dxc5
Bxc5 9. Bd3 O-O 10. O-O Re8 11. a3 Ba7 12. b4 b5 13. Ne2 Ne4 14. Bb2 Nxf2 15.
Rxf2 Bxe3 16. Qc2 Qb6 17. Bxh7+ Kh8 18. Raf1 Be6 19. Bd3 Rac8 20. Qd1 Rcd8 21.
Bb1 d4 22. Qd3 f5 23. g3 Rf8 24. Nf4 Bc4 25. Qd1 Bxf1 26. Kxf1 Bxf2 27. Ng6+
Kh7 28. Nfh4 Be3 29. Qh5+ Bh6 30. Nxf8+ Rxf8 31. Qg6+ Kh8 32. Bxf5 Rxf5+ 33.
Nxf5 Qc7 34. Nxh6 Ne5 35. Qe6 gxh6 36. Qxh6+ Kg8 37. Qe6+ Kg7 38. Qd5 Qf7+ 39.
Qxf7+ Kxf7 40. Bxd4 Nc4 41. Ke2 Nxa3 42. Kd3 Nc4 43. Bc3 Nd6 44. g4 Ke6 45. Kd4
Nb7 46. h4 Nd6 47. h5 Nb7 48. h6 Kf6 49. Kd5+ Kg6 50. g5 Nd8 51. Bf6 Nf7 52.
Ke6 a5 53. bxa5 b4 54. h7 1-0

[Event "4NCL/Div2/SWD1 vs. GUI3"]
[Site "Sunningdale ENG"]
[Date "2008.05.03"]
[Round "9.7"]
[White "James, David J"]
[Black "Jackson, Adrian"]
[Result "1/2-1/2"]
[WhiteElo "2188"]
[BlackElo "2216"]
[PlyCount "83"]
[EventDate "2008.05.03"]
[EventCountry "ENG"]
[SourceDate "2007.09.15"]

1. Nf3 Nf6 2. c4 c5 3. Nc3 d5 4. cxd5 Nxd5 5. d4 Nxc3 6. bxc3 g6 7. e4 Bg7 8.
Be2 Nc6 9. Be3 O-O 10. O-O cxd4 11. cxd4 b6 12. Rc1 Bb7 13. d5 Na5 14. Qd2 Qd7
15. Bh6 Rac8 16. Bxg7 Kxg7 17. h4 Rxc1 18. Rxc1 Rc8 19. Rd1 Qc7 20. h5 Qc2 21.
Qe3 Nc4 22. Qd4+ f6 23. Re1 Qb2 24. hxg6 hxg6 25. Qxb2 Nxb2 26. Nd4 Na4 27. f4
Nc3 28. Bf3 Rc4 29. Ne6+ Kg8 30. Kh2 b5 31. a3 Bc8 32. Nd8 Bd7 33. e5 fxe5 34.
fxe5 Rd4 35. e6 Be8 36. Rc1 Nxd5 37. Rc8 Nf6 38. Nc6 Rh4+ 39. Kg3 Rc4 40. Nxa7
Ra4 41. Nxb5 Kg7 42. Nc3 1/2-1/2

[Event "4NCL/Div2/SWD1 vs. GUI3"]
[Site "Sunningdale ENG"]
[Date "2008.05.03"]
[Round "9.8"]
[White "Kokossis, Danae"]
[Black "Wilson, Julie"]
[Result "0-1"]
[WhiteElo "1750"]
[BlackElo "1935"]
[PlyCount "100"]
[EventDate "2008.05.03"]
[EventCountry "ENG"]
[SourceDate "2007.09.15"]

1. e4 e6 2. d4 d5 3. Nc3 Nf6 4. Bg5 dxe4 5. Nxe4 Nbd7 6. Nf3 Be7 7. Bd3 Nxe4 8.
Bxe7 Qxe7 9. Bxe4 Qb4+ 10. Qd2 Qxb2 11. O-O Nf6 12. Qd3 Nxe4 13. Qxe4 Qa3 14.
Qe5 O-O 15. Qxc7 b6 16. Rfb1 Qa6 17. Rb3 Bb7 18. Qe5 Rac8 19. Rb2 Qa4 20. Ne1
Rc4 21. Rd1 h6 22. Qe3 Rd8 23. Qb3 Rdxd4 24. Rxd4 Rxd4 25. Qxa4 Rxa4 26. Nd3
Bd5 27. Nc1 Rd4 28. Nd3 Bc4 29. Rb4 e5 30. f3 f5 31. Kf2 Bxa2 32. Rxd4 exd4 33.
Nb4 Bb1 34. Ke2 a5 35. Nd5 Bxc2 36. Nxb6 d3+ 37. Kd2 a4 38. Nc4 Kf7 39. Na3 Ke6
40. Nxc2 dxc2 41. Kxc2 Kd5 42. Kc3 Kc5 43. g3 g6 44. h3 a3 45. Kb3 Kd4 46. Kxa3
Ke3 47. g4 Kxf3 48. Kb3 Kg3 49. Kc4 Kxh3 50. Kd4 Kxg4 0-1

[Event "4NCL/Div2/WRO vs. PAP"]
[Site "Sunningdale ENG"]
[Date "2008.05.03"]
[Round "9.1"]
[White "McNab, Colin"]
[Black "Emms, John M"]
[Result "1/2-1/2"]
[WhiteElo "2443"]
[BlackElo "2503"]
[PlyCount "57"]
[EventDate "2008.05.03"]
[EventCountry "ENG"]
[SourceDate "2007.09.15"]

1. c4 c5 2. Nf3 Nc6 3. g3 g6 4. Bg2 Bg7 5. Nc3 e6 6. d4 cxd4 7. Nb5 d5 8. cxd5
exd5 9. Nbxd4 Nge7 10. O-O O-O 11. Be3 Re8 12. Re1 Nf5 13. Nxf5 Bxf5 14. Nd4
Be4 15. Rc1 Qd7 16. Nxc6 bxc6 17. Bd4 Bxd4 18. Qxd4 Bxg2 19. Kxg2 Re4 20. Qc5
Rae8 21. Qxc6 Qxc6 22. Rxc6 Rxe2 23. Rxe2 Rxe2 24. Ra6 Rxb2 25. Rxa7 d4 26. a4
Ra2 27. a5 Kg7 28. Rd7 Rxa5 29. Rxd4 1/2-1/2

[Event "4NCL/Div2/WRO vs. PAP"]
[Site "Sunningdale ENG"]
[Date "2008.05.03"]
[Round "9.2"]
[White "Ward, Chris G"]
[Black "Gourlay, Iain"]
[Result "1-0"]
[WhiteElo "2447"]
[BlackElo "2371"]
[PlyCount "63"]
[EventDate "2008.05.03"]
[EventCountry "ENG"]
[SourceDate "2007.09.15"]

1. d4 Nf6 2. c4 g6 3. Nc3 Bg7 4. e4 d6 5. f3 O-O 6. Nge2 c5 7. d5 e6 8. Ng3
exd5 9. cxd5 a6 10. a4 h5 11. Be2 Nbd7 12. Bg5 Ne5 13. f4 Ned7 14. O-O Qc7 15.
e5 dxe5 16. f5 e4 17. d6 Qc6 18. Bc4 Ne5 19. Bxf6 Nxc4 20. Bxg7 Kxg7 21. Nxh5+
Kg8 22. Nf6+ Kg7 23. Ncxe4 Bxf5 24. Rxf5 Ne3 25. Nh5+ Kh8 26. Qf3 Nxf5 27. g4
gxh5 28. Qxf5 f6 29. Qxh5+ Kg7 30. Ng3 Rh8 31. Nf5+ Kg8 32. Qg6+ 1-0

[Event "4NCL/Div2/WRO vs. PAP"]
[Site "Sunningdale ENG"]
[Date "2008.05.03"]
[Round "9.3"]
[White "Van de Griendt, Jan W"]
[Black "Summerscale, Aaron"]
[Result "1/2-1/2"]
[WhiteElo "2354"]
[BlackElo "2472"]
[PlyCount "48"]
[EventDate "2008.05.03"]
[EventCountry "ENG"]
[SourceDate "2007.09.15"]

1. d4 Nc6 2. Nf3 d5 3. c4 e5 4. dxe5 dxc4 5. Qxd8+ Kxd8 6. Nc3 Be6 7. Ng5 Nh6
8. Bf4 Bb4 9. O-O-O+ Ke7 10. h3 Rad8 11. Rxd8 Kxd8 12. g4 Ng8 13. Bg2 Nge7 14.
Bg3 h6 15. Nxe6+ fxe6 16. Ne4 Nd5 17. a3 Be7 18. Rd1 Kc8 19. Kc2 b5 20. Nc3
Nxc3 21. Kxc3 Na5 22. f4 Rd8 23. Rxd8+ Kxd8 24. f5 c5 1/2-1/2

[Event "4NCL/Div2/WRO vs. PAP"]
[Site "Sunningdale ENG"]
[Date "2008.05.03"]
[Round "9.4"]
[White "Hamdouchi, Adina"]
[Black "Barrett, Steve J"]
[Result "1-0"]
[WhiteElo "2297"]
[BlackElo "2260"]
[PlyCount "63"]
[EventDate "2008.05.03"]
[EventCountry "ENG"]
[SourceDate "2007.09.15"]

1. d4 Nf6 2. g3 g6 3. Bg2 Bg7 4. e4 d6 5. Ne2 O-O 6. h3 c5 7. c3 Nc6 8. O-O Qb6
9. dxc5 dxc5 10. Qc2 Ne5 11. Na3 Rd8 12. Be3 Be6 13. Nf4 Nc4 14. Nxc4 Bxc4 15.
Rfd1 Rxd1+ 16. Rxd1 Bxa2 17. b4 Bc4 18. e5 Ne8 19. Bxc5 Qc7 20. Qe4 Ba6 21. c4
e6 22. Nd3 Rd8 23. b5 b6 24. Bd6 Nxd6 25. exd6 Rxd6 26. bxa6 Rd4 27. Qa8+ Bf8
28. Nb2 Rxd1+ 29. Nxd1 Qxc4 30. Qxa7 Qe2 31. Qxb6 Qxd1+ 32. Kh2 1-0

[Event "4NCL/Div2/WRO vs. PAP"]
[Site "Sunningdale ENG"]
[Date "2008.05.03"]
[Round "9.5"]
[White "Gayson, Peter M"]
[Black "Winkelmann, Elena"]
[Result "0-1"]
[WhiteElo "2259"]
[BlackElo "2087"]
[PlyCount "67"]
[EventDate "2008.05.03"]
[EventCountry "ENG"]
[SourceDate "2007.09.15"]

1. e4 d5 2. exd5 Qxd5 3. Nc3 Qa5 4. d4 Nf6 5. Nf3 Nc6 6. Bb5 Bd7 7. O-O O-O-O
8. Be3 e6 9. a3 Nd5 10. Nxd5 Qxb5 11. Nc3 Qh5 12. Ne4 h6 13. c4 f5 14. Ng3 Qf7
15. b4 f4 16. b5 fxg3 17. fxg3 Ne7 18. Ne5 Qg8 19. Qa4 Kb8 20. Nxd7+ Rxd7 21.
b6 Nc6 22. d5 exd5 23. bxa7+ Ka8 24. Rab1 Qe6 25. Bf2 d4 26. Rxb7 Bc5 27. Rfb1
Bxa7 28. Qa6 Qe4 29. Re1 Qg6 30. Reb1 Qe4 31. Re1 Qg6 32. Reb1 Qxb1+ 33. Rxb1
Na5 34. Qxa5 0-1

[Event "4NCL/Div2/WRO vs. PAP"]
[Site "Sunningdale ENG"]
[Date "2008.05.03"]
[Round "9.6"]
[White "Flear, Christine"]
[Black "Townsend, Paul"]
[Result "1-0"]
[WhiteElo "2142"]
[BlackElo "2214"]
[PlyCount "81"]
[EventDate "2008.05.03"]
[EventCountry "ENG"]
[SourceDate "2007.09.15"]

1. d4 Nf6 2. c4 c5 3. d5 e5 4. Nc3 d6 5. e4 Nbd7 6. g3 g6 7. Bg2 Bg7 8. Bg5 h6
9. Bd2 O-O 10. h4 a6 11. Nh3 b5 12. Qc1 h5 13. a4 bxc4 14. a5 Rb8 15. Nd1 Nh7
16. Ne3 f5 17. exf5 gxf5 18. Nxc4 e4 19. Nf4 Ne5 20. Nxe5 dxe5 21. Nxh5 Bh8 22.
Bh6 Rf7 23. Bf1 Qd6 24. Be3 Rc7 25. Bc4 Bd7 26. Nf4 Rcb7 27. Ne6 Bxe6 28. dxe6
Nf6 29. e7+ Kh7 30. Bxc5 Qc6 31. b4 e3 32. O-O exf2+ 33. Bxf2 Rc8 34. Bc5 Ne4
35. Rxf5 Qg6 36. Rf7+ Bg7 37. Qe3 Nxg3 38. Qg5 Ne2+ 39. Kf2 Nf4 40. Qxg6+ Kxg6
41. Rg1+ 1-0

[Event "4NCL/Div2/WRO vs. PAP"]
[Site "Sunningdale ENG"]
[Date "2008.05.03"]
[Round "9.7"]
[White "Adams, David M"]
[Black "Yurenok, Maria S"]
[Result "1/2-1/2"]
[WhiteElo "2194"]
[BlackElo "2043"]
[PlyCount "91"]
[EventDate "2008.05.03"]
[EventCountry "ENG"]
[SourceDate "2007.09.15"]

1. e4 c5 2. Nf3 e6 3. Qe2 Nc6 4. g3 g6 5. Bg2 Bg7 6. c3 Nge7 7. O-O O-O 8. Na3
a6 9. Nc2 e5 10. Rd1 d5 11. exd5 Qxd5 12. d4 cxd4 13. Nfxd4 Qa5 14. Nb3 Qc7 15.
Ne3 Rd8 16. Rxd8+ Nxd8 17. c4 f5 18. Nd5 Nxd5 19. cxd5 Nf7 20. Be3 Bd7 21. Rc1
Qd6 22. Bc5 Qf6 23. Ba3 Rc8 24. Rxc8+ Bxc8 25. Qc4 Qd8 26. d6 e4 27. f3 b5 28.
Qc2 Be5 29. fxe4 Bxd6 30. Bxd6 Nxd6 31. e5 Nc4 32. Qe2 Qb6+ 33. Kh1 Bb7 34. h3
Bxg2+ 35. Kxg2 Qc6+ 36. Kh2 Qe4 37. Qxe4 fxe4 38. Nc5 Nxb2 39. Nxe4 Nd3 40.
Nf6+ Kg7 41. Ne8+ Kf7 42. Nc7 Nb4 43. Kg2 Nxa2 44. Nxa6 Ke6 45. Nc7+ Kxe5 46.
Nxb5 1/2-1/2

[Event "4NCL/Div2/WRO vs. PAP"]
[Site "Sunningdale ENG"]
[Date "2008.05.03"]
[Round "9.8"]
[White "Forbes, Cathy"]
[Black "Khakimova, Masura"]
[Result "1-0"]
[WhiteElo "2093"]
[BlackElo "1978"]
[Annotator "Armstrong,Malcolm"]
[PlyCount "73"]
[EventDate "2008.05.03"]
[EventCountry "ENG"]
[SourceDate "2007.09.15"]

1. d4 Nf6 2. c3 d5 3. Bf4 c5 4. e3 Nc6 5. Nd2 Bf5 6. Ngf3 cxd4 7. exd4 e6 8.
Qb3 Bd6 9. Qxb7 Bxf4 10. Qxc6+ Nd7 11. Bb5 Rc8 12. Qxd7+ Qxd7 13. Bxd7+ Kxd7
14. Ne5+ Ke7 15. g4 Bg6 16. Nxg6+ hxg6 17. h4 Rh7 18. Nf3 Rch8 19. Ke2 f6 20.
Rhd1 Rb8 21. Rab1 Rhh8 22. b4 Rhc8 23. Rb3 Rb7 24. Ne1 Kd6 25. Nd3 g5 26. Nc5
Re7 27. h5 e5 28. dxe5+ Rxe5+ 29. Kf3 f5 30. c4 fxg4+ 31. Kxg4 Rf8 32. Ra3 Bh2
33. Ra6+ Kc7 34. Rxa7+ Kc6 35. cxd5+ Rxd5 36. Rxd5 Kxd5 37. Nd3 {time} 1-0

[Event "4NCL/Div2/OXF1 vs. BARY"]
[Site "Sunningdale ENG"]
[Date "2008.05.03"]
[Round "9.1"]
[White "Ozeren, Kemal"]
[Black "Coleman, David"]
[Result "0-1"]
[WhiteElo "2321"]
[BlackElo "2203"]
[PlyCount "82"]
[EventDate "2008.05.03"]
[EventCountry "ENG"]
[SourceDate "2007.09.15"]

1. d4 Nf6 2. Nf3 e6 3. e3 Nc6 4. c4 d6 5. d5 Ne7 6. Nc3 e5 7. Bd3 g6 8. O-O Bg7
9. Nd2 O-O 10. Rb1 c6 11. e4 Nh5 12. g3 Bh3 13. Re1 f5 14. Bf1 Bxf1 15. Rxf1
cxd5 16. cxd5 Nf6 17. Qe2 Rc8 18. Nb3 h6 19. f3 a6 20. Be3 Qd7 21. Bb6 h5 22.
Rbd1 Rf7 23. f4 Nxe4 24. Nxe4 fxe4 25. Qxe4 Rcf8 26. Be3 Nf5 27. fxe5 Nxe3 28.
Qxe3 Bxe5 29. Qe4 Kh7 30. Rxf7+ Qxf7 31. Qe2 Qf6 32. Rd2 h4 33. Kg2 Kg7 34. Na5
hxg3 35. hxg3 Bxg3 36. Rc2 Be5 37. Rc7+ Kg8 38. Rc4 Rf7 39. b3 Bd4 40. Rc8+ Kg7
41. Rc2 Qg5+ 0-1

[Event "4NCL/Div2/OXF1 vs. BARY"]
[Site "Sunningdale ENG"]
[Date "2008.05.03"]
[Round "9.2"]
[White "Hodgson, John H"]
[Black "White, Michael J R"]
[Result "1/2-1/2"]
[WhiteElo "2211"]
[BlackElo "2276"]
[PlyCount "65"]
[EventDate "2008.05.03"]
[EventCountry "ENG"]
[SourceDate "2007.09.15"]

1. e4 c5 2. Nf3 e6 3. c3 Nf6 4. e5 Nd5 5. d4 cxd4 6. cxd4 d6 7. Bc4 Nc6 8. O-O
Be7 9. Qe2 O-O 10. Nc3 Nxc3 11. bxc3 Bd7 12. exd6 Bxd6 13. Bd3 Qc7 14. Re1 Rae8
15. Ne5 f5 16. Nxd7 Qxd7 17. Bc4 Kh8 18. f4 Qc7 19. g3 g5 20. fxg5 Bxg3 21.
hxg3 Qxg3+ 22. Kf1 f4 23. Bb5 Rf5 24. Bxc6 bxc6 25. Qg2 Qd3+ 26. Qe2 Qh3+ 27.
Qg2 Qh5 28. Re5 Qd1+ 29. Re1 Qh5 30. Re5 Qd1+ 31. Re1 Qd3+ 32. Qe2 Qh3+ 33. Qg2
1/2-1/2

[Event "4NCL/Div2/OXF1 vs. BARY"]
[Site "Sunningdale ENG"]
[Date "2008.05.03"]
[Round "9.3"]
[White "Shaw, David A"]
[Black "Farrand, Julian T"]
[Result "1-0"]
[WhiteElo "2259"]
[BlackElo "2140"]
[PlyCount "99"]
[EventDate "2008.05.03"]
[EventCountry "ENG"]
[SourceDate "2007.09.15"]

1. e4 d6 2. d4 Nf6 3. Nc3 Nbd7 4. Be3 e5 5. Bc4 c6 6. Bb3 Qa5 7. f3 b5 8. Nge2
Be7 9. O-O O-O 10. a3 Qc7 11. d5 Nb6 12. Qd3 a6 13. dxc6 Qxc6 14. Rad1 Nc4 15.
Bc1 Be6 16. Kh1 Rac8 17. Nd5 Bxd5 18. exd5 Qb7 19. Ng3 g6 20. c3 Nd7 21. Ba2 f5
22. Ne2 Bf6 23. f4 e4 24. Qh3 Nc5 25. b3 Nb6 26. g4 Nd3 27. gxf5 Qxd5 28. Qg2
Qxf5 29. Be3 Nd7 30. Ng3 Qg4 31. Nxe4 Qxg2+ 32. Kxg2 Nb2 33. Nxf6+ Nxf6 34. Rd2
Rxc3 35. Bd4 Rd3 36. Rfd1 Nh5 37. b4+ Nc4 38. Rxd3 Nxf4+ 39. Kg3 Nxd3 40. Rxd3
d5 41. Bc5 Rd8 42. a4 Kf7 43. Kf4 Ke6 44. axb5 axb5 45. Bxc4 bxc4 46. Re3+ Kf7
47. Ke5 h6 48. Rf3+ Kg7 49. b5 g5 50. b6 1-0

[Event "4NCL/Div2/OXF1 vs. BARY"]
[Site "Sunningdale ENG"]
[Date "2008.05.03"]
[Round "9.4"]
[White "Levermore, Peter A"]
[Black "Milovanovic, Aleksander"]
[Result "0-1"]
[WhiteElo "2143"]
[BlackElo "2237"]
[PlyCount "74"]
[EventDate "2008.05.03"]
[EventCountry "ENG"]
[SourceDate "2007.09.15"]

1. e4 Nc6 2. Nf3 d6 3. d4 Nf6 4. Nc3 g6 5. h3 Bg7 6. Bb5 O-O 7. Bg5 a6 8. Be2
b5 9. a3 h6 10. Be3 d5 11. e5 Ne4 12. Nd2 f5 13. exf6 Nxf6 14. Bd3 e5 15. dxe5
Nxe5 16. Nf3 Nxf3+ 17. Qxf3 Ne4 18. Bxe4 Bxc3+ 19. bxc3 Rxf3 20. Bxf3 Bf5 21.
Rd1 c6 22. O-O Rc8 23. Rfe1 Qf8 24. Re2 Bxh3 25. Rde1 Re8 26. Kh2 Bf5 27. Ra1
Be4 28. Bg4 h5 29. Bh3 Qd6+ 30. g3 Qf6 31. Bd4 Qf3 32. Rd2 h4 33. Re1 Re7 34.
Rde2 hxg3+ 35. fxg3 Rh7 36. Re3 Rxh3+ 37. Kxh3 Qh5# 0-1

[Event "4NCL/Div2/OXF1 vs. BARY"]
[Site "Sunningdale ENG"]
[Date "2008.05.03"]
[Round "9.5"]
[White "Savage, Ben D"]
[Black "Moore, John C"]
[Result "1-0"]
[WhiteElo "2315"]
[BlackElo "2054"]
[PlyCount "115"]
[EventDate "2008.05.03"]
[EventCountry "ENG"]
[SourceDate "2007.09.15"]

1. d4 d5 2. Nf3 Nf6 3. c4 c6 4. e3 e6 5. Nbd2 Nbd7 6. Bd3 Bd6 7. O-O O-O 8. e4
dxe4 9. Nxe4 Nxe4 10. Bxe4 h6 11. Bc2 c5 12. dxc5 Bxc5 13. Qe2 Qc7 14. b3 Be7
15. Rb1 Nf6 16. Bb2 Bd7 17. Ne5 Rfd8 18. Nxd7 Rxd7 19. Rbd1 Rad8 20. Rxd7 Nxd7
21. Rd1 Bf6 22. Bc1 Nc5 23. Rxd8+ Qxd8 24. Be3 b6 25. b4 Na6 26. a3 Nb8 27. Be4
Bd4 28. Qd3 e5 29. Bd5 Qf6 30. Qe4 Bxe3 31. fxe3 Qd6 32. Qf5 Qe7 33. Qc8+ Qf8
34. Qc7 a5 35. Qxb6 axb4 36. axb4 Nd7 37. Qb7 Qe7 38. Bc6 Qg5 39. Qxd7 Qxe3+
40. Kf1 Qc1+ 41. Kf2 Qc2+ 42. Ke3 Qc3+ 43. Qd3 Qxb4 44. Bd5 Qb6+ 45. Ke2 Qb2+
46. Qd2 Qb6 47. Qe3 Qb2+ 48. Qd2 Qb6 49. Kf1 Qb1+ 50. Qe1 Qd3+ 51. Kg1 Qd4+ 52.
Qf2 Qa1+ 53. Qf1 Qa7+ 54. Kh1 g6 55. h3 Kg7 56. c5 f5 57. Qc1 h5 58. c6 1-0

[Event "4NCL/Div2/OXF1 vs. BARY"]
[Site "Sunningdale ENG"]
[Date "2008.05.03"]
[Round "9.6"]
[White "Franklin, Samuel"]
[Black "Smallbone, Kieran"]
[Result "1/2-1/2"]
[WhiteElo "2110"]
[BlackElo "2241"]
[PlyCount "48"]
[EventDate "2008.05.03"]
[EventCountry "ENG"]
[SourceDate "2007.09.15"]

1. e4 c6 2. c4 e5 3. Nf3 Qc7 4. Nc3 Nf6 5. Be2 Bb4 6. Qc2 d6 7. O-O Bxc3 8.
bxc3 O-O 9. d4 Re8 10. Bg5 Nbd7 11. Bd3 h6 12. Be3 c5 13. d5 Nf8 14. Ne1 Ng6
15. g3 Bh3 16. Ng2 Qd7 17. f3 Nh7 18. Rf2 Rf8 19. Rb1 Rae8 20. Kh1 Re7 21. f4
Nf6 22. f5 Ng4 23. Rf3 Nh8 24. Nh4 g5 1/2-1/2

[Event "4NCL/Div2/OXF1 vs. BARY"]
[Site "Sunningdale ENG"]
[Date "2008.05.03"]
[Round "9.7"]
[White "Eckersley-Waites, Tom"]
[Black "O'Toole, George E"]
[Result "1-0"]
[WhiteElo "2222"]
[BlackElo "2047"]
[PlyCount "61"]
[EventDate "2008.05.03"]
[EventCountry "ENG"]
[SourceDate "2007.09.15"]

1. e4 e5 2. Nf3 Nc6 3. Bb5 a6 4. Ba4 Nf6 5. O-O Be7 6. Re1 b5 7. Bb3 O-O 8. a4
Bb7 9. d3 d6 10. Nbd2 Na5 11. Ba2 c5 12. Nf1 Bc8 13. Bd2 Be6 14. Bxe6 fxe6 15.
Ng5 Qb6 16. Nxe6 Rfc8 17. Ne3 Nc6 18. Nd5 Nxd5 19. exd5 Nd4 20. Qg4 Bf6 21. Re3
bxa4 22. Bc3 Nxc2 23. Rg3 Qb7 24. Rf1 Nd4 25. Bxd4 exd4 26. Qf5 Qe7 27. Re1
Rcb8 28. Kf1 Qf7 29. Rf3 Ra7 30. g4 Rxb2 31. Ng5 1-0

[Event "4NCL/Div2/PPA1 vs. BRI1"]
[Site "Sunningdale ENG"]
[Date "2008.05.03"]
[Round "9.1"]
[White "Dargan, Paul"]
[Black "Cobb, Charles"]
[Result "1/2-1/2"]
[WhiteElo "2185"]
[BlackElo "2407"]
[PlyCount "36"]
[EventDate "2008.05.03"]
[EventCountry "ENG"]
[SourceDate "2007.09.15"]

1. e4 e6 2. d4 d5 3. Nd2 Nf6 4. e5 Nfd7 5. c3 c5 6. Bd3 Nc6 7. Ne2 cxd4 8. cxd4
f6 9. exf6 Nxf6 10. Nf3 Bd6 11. Bf4 Bxf4 12. Nxf4 Qa5+ 13. Qd2 Qxd2+ 14. Kxd2
O-O 15. Ne2 Bd7 16. Bb5 Na5 17. Bd3 Nc6 18. Bb5 Na5 1/2-1/2

[Event "4NCL/Div2/PPA1 vs. BRI1"]
[Site "Sunningdale ENG"]
[Date "2008.05.03"]
[Round "9.2"]
[White "Bruehl, Andreas"]
[Black "Posazhennikov, Alex"]
[Result "0-1"]
[WhiteElo "2387"]
[BlackElo "2247"]
[PlyCount "74"]
[EventDate "2008.05.03"]
[EventCountry "ENG"]
[SourceDate "2007.09.15"]

1. d4 f5 2. c4 Nf6 3. g3 e6 4. Bg2 Be7 5. Nf3 d6 6. Nc3 O-O 7. O-O c6 8. Qc2 d5
9. Ne5 Nbd7 10. Bf4 Nxe5 11. Bxe5 Ng4 12. Rad1 Nxe5 13. dxe5 Qc7 14. f4 dxc4
15. Kh1 Bd7 16. e4 Rad8 17. b3 cxb3 18. axb3 Qb6 19. Rd6 Qc5 20. Qd3 Bxd6 21.
exd6 e5 22. Na4 Qb4 23. fxe5 fxe4 24. Qe3 b6 25. Re1 Bf5 26. g4 Bxg4 27. Qxe4
Qxe4 28. Bxe4 Be6 29. Bxc6 Rc8 30. Bb5 Rf4 31. Nb2 Bd5+ 32. Kg1 Rg4+ 33. Kf2
Rg2+ 34. Ke3 Rxb2 35. Bc4 Bxc4 36. bxc4 Kf7 37. Kd3 Ke6 0-1

[Event "4NCL/Div2/PPA1 vs. BRI1"]
[Site "Sunningdale ENG"]
[Date "2008.05.03"]
[Round "9.3"]
[White "Swanson, Stephen"]
[Black "Buckley, Simon"]
[Result "0-1"]
[WhiteElo "2231"]
[BlackElo "2340"]
[PlyCount "126"]
[EventDate "2008.05.03"]
[EventCountry "ENG"]
[SourceDate "2007.09.15"]

1. e4 d5 2. exd5 Qxd5 3. Nf3 Bg4 4. Nc3 Qe6+ 5. Qe2 c6 6. d4 Qxe2+ 7. Bxe2 Nf6
8. Bd2 Nbd7 9. h3 Bf5 10. O-O-O h6 11. Rhe1 e6 12. a3 Be7 13. Bf1 O-O 14. g4
Bh7 15. Bg2 Nb6 16. Ne5 Rfd8 17. g5 hxg5 18. Bxg5 Nfd5 19. Bxe7 Nxe7 20. Ne4
Bf5 21. Nc5 Rab8 22. Re3 Nbd5 23. Rg3 Nf4 24. Bf1 b6 25. Nb3 Rbc8 26. Rf3 Nfg6
27. Nxg6 Bxg6 28. Rg3 Nf5 29. Rc3 Rd6 30. Bg2 Ne7 31. Re1 Rcd8 32. h4 a5 33. a4
Kf8 34. Kb1 Nd5 35. Bxd5 exd5 36. Nd2 Rf6 37. Rf3 Rxf3 38. Nxf3 f6 39. Re3 Re8
40. Rc3 Re2 41. Rxc6 Bh5 42. Ne5 fxe5 43. dxe5 Rxe5 44. Rxb6 d4 45. Ra6 Re1+
46. Ka2 Bf7+ 47. b3 Re2 48. Kb1 Re5 49. Kb2 Ke7 50. Rb6 Re2 51. Kc1 Rxf2 52. b4
axb4 53. Rxb4 Bg6 54. Rc4 d3 55. cxd3 Bxd3 56. Rd4 Bg6 57. a5 Rc2+ 58. Kd1 Ra2
59. Rd5 Ke6 60. Rb5 Bd3 61. Rc5 g6 62. Ke1 Bf5 63. Rb5 Ra4 0-1

[Event "4NCL/Div2/PPA1 vs. BRI1"]
[Site "Sunningdale ENG"]
[Date "2008.05.03"]
[Round "9.4"]
[White "Rudd, Jack"]
[Black "Byway, Paul"]
[Result "1/2-1/2"]
[WhiteElo "2343"]
[BlackElo "2152"]
[PlyCount "21"]
[EventDate "2008.05.03"]
[EventCountry "ENG"]
[SourceDate "2007.09.15"]

1. e4 c5 2. Nf3 e6 3. d4 cxd4 4. Nxd4 Nf6 5. Nc3 Nc6 6. Ndb5 Bb4 7. a3 Bxc3+ 8.
Nxc3 d5 9. exd5 exd5 10. Bd3 O-O 11. O-O 1/2-1/2